Stats: (Record no. 4623)
[ view plain ]
| 000 -LEADER | |
|---|---|
| fixed length control field | 00752nam a2200205 4500 |
| 008 - FIXED-LENGTH DATA ELEMENTS--GENERAL INFORMATION | |
| fixed length control field | 150904b xxu||||| |||| 00| 0 eng d |
| 020 ## - INTERNATIONAL STANDARD BOOK NUMBER | |
| International Standard Book Number | 9780321692608 |
| 020 ## - INTERNATIONAL STANDARD BOOK NUMBER | |
| International Standard Book Number | 0321692608 |
| 050 ## - LIBRARY OF CONGRESS CALL NUMBER | |
| Classification number | QA 276.12 .D417 2012 |
| 100 ## - MAIN ENTRY--PERSONAL NAME | |
| Personal name | De Veaux, Richard D |
| 245 ## - TITLE STATEMENT | |
| Title | Stats: |
| Remainder of title | data and models/ |
| Statement of responsibility, etc. | Richard D De Veaux |
| 250 ## - EDITION STATEMENT | |
| Edition statement | 3rd ed |
| 260 ## - PUBLICATION, DISTRIBUTION, ETC. (IMPRINT) | |
| Place of publication, distribution, etc. | Boston : |
| Name of publisher, distributor, etc. | Addison-Wesley, |
| Date of publication, distribution, etc. | ©2012. |
| 300 ## - PHYSICAL DESCRIPTION | |
| Extent | xxv, 865 [75] p.: |
| Other physical details | ill. (chiefly col.); |
| Dimensions | 29cm |
| 650 ## - SUBJECT ADDED ENTRY--TOPICAL TERM | |
| Topical term or geographic name as entry element | Statistics-Textbooks. |
| 650 ## - SUBJECT ADDED ENTRY--TOPICAL TERM | |
| Topical term or geographic name as entry element | Mathematical statistics-Textbooks. |
| 700 ## - ADDED ENTRY--PERSONAL NAME | |
| Personal name | Vellem,Paul F. |
| 700 ## - ADDED ENTRY--PERSONAL NAME | |
| Personal name | Bock,David E. |
| 942 ## - ADDED ENTRY ELEMENTS (KOHA) | |
| Source of classification or shelving scheme | |
| Koha item type | Hard Covered Materials |
| Classification part | QA 276.12 .D417 2012 |
| Koha issues (borrowed), all copies | 1 |
| Withdrawn status | Lost status | Source of classification or shelving scheme | Damaged status | Not for loan | Home library | Current library | Shelving location | Date acquired | Source of acquisition | Total Checkouts | Full call number | Barcode | Date last seen | Price effective from | Koha item type | Date last checked out |
|---|---|---|---|---|---|---|---|---|---|---|---|---|---|---|---|---|
| MACHAKOS UNIVERSITY LIBRARY | MACHAKOS UNIVERSITY LIBRARY | Open shelf | 04/09/2015 | Donation (BFA) | QA 276.12 .D417 2012 | 8348 | 31/05/2019 | 04/09/2015 | Hard Covered Materials | |||||||
| MACHAKOS UNIVERSITY LIBRARY | MACHAKOS UNIVERSITY LIBRARY | Open shelf | 13/07/2016 | Donation(BFA) | QA 276.12 .D417 2012 | 24,116 | 13/07/2016 | 13/07/2016 | Hard Covered Materials | |||||||
| MACHAKOS UNIVERSITY LIBRARY | MACHAKOS UNIVERSITY LIBRARY | Open shelf | 13/07/2016 | Donation(BFA) | QA 276.12 .D417 2012 | 24,117 | 13/07/2016 | 13/07/2016 | Hard Covered Materials | |||||||
| MACHAKOS UNIVERSITY LIBRARY | MACHAKOS UNIVERSITY LIBRARY | Open shelf | 13/07/2016 | Donation(BFA) | QA 276.12 .D417 2012 | 24,120 | 13/07/2016 | 13/07/2016 | Hard Covered Materials | |||||||
| MACHAKOS UNIVERSITY LIBRARY | MACHAKOS UNIVERSITY LIBRARY | Open shelf | 14/07/2016 | Donation(BFA) | QA 276012 .D417 2012 | 22869 | 31/05/2019 | 14/07/2016 | Hard Covered Materials | |||||||
| MACHAKOS UNIVERSITY LIBRARY | MACHAKOS UNIVERSITY LIBRARY | Open shelf | 15/07/2016 | Donation(BFA) | QA 276.12.D417 2012 | 24119 | 31/05/2019 | 15/07/2016 | Hard Covered Materials | |||||||
| MACHAKOS UNIVERSITY LIBRARY | MACHAKOS UNIVERSITY LIBRARY | Open shelf | 15/07/2016 | Donation(BFA) | 1 | QA 276.12.D417 2012 | 24118 | 20/04/2017 | 15/07/2016 | Hard Covered Materials | 12/04/2017 | |||||
| MACHAKOS UNIVERSITY LIBRARY | MACHAKOS UNIVERSITY LIBRARY | Open shelf | 09/08/2016 | Donation(BFA) | QA 276.12.D417 2012 | 22240 | 15/02/2018 | 09/08/2016 | Hard Covered Materials | |||||||
| MACHAKOS UNIVERSITY LIBRARY | MACHAKOS UNIVERSITY LIBRARY | Open shelf | 10/08/2016 | Donation (BFA) | QA 276.12 .D417 2012 | 21773 | 05/06/2019 | 10/08/2016 | Hard Covered Materials | |||||||
| MACHAKOS UNIVERSITY LIBRARY | MACHAKOS UNIVERSITY LIBRARY | Open shelf | 10/08/2016 | Donation (BFA) | QA 276.12 .D417 2012 | 21776 | 04/06/2019 | 10/08/2016 | Hard Covered Materials |